Bayesian Statistics 4 (Record no. 3705)

MARC details
000 -LEADER
fixed length control field 00604nam a22001937a 4500
008 - FIXED-LENGTH DATA ELEMENTS--GENERAL INFORMATION
fixed length control field 250529b |||||||| |||| 00| 0 eng d
020 ## - INTERNATIONAL STANDARD BOOK NUMBER
ISBN 9780198522669
245 ## - TITLE STATEMENT
Title Bayesian Statistics 4
Statement of responsibility, etc Bernardo J.M., Berger J.O., David A.P., Smith A.F.M.
260 ## - PUBLICATION, DISTRIBUTION, ETC. (IMPRINT)
Place of publication New York
Name of publisher Oxford Science Publications
Date of publication 1992
300 ## - COLLATION
Pagination xiii, 859p.
Other physical details illustration;
650 ## - TRACINGS
Main Subject Social Sciences
Subdivision (1st) Statistical Methods
650 ## - TRACINGS
Main Subject Bayesian Statistical Decision Theory.
700 ## - ADDITIONAL AUTHOR
Additional Author Bernardo J.M.
700 ## - ADDITIONAL AUTHOR
Additional Author Berger J.O.
700 ## - ADDITIONAL AUTHOR
Additional Author David A.P.
700 ## - ADDITIONAL AUTHOR
Additional Author Smith A.F.M.
942 ## - ADDED ENTRY ELEMENTS (KOHA)
Item type Books
050 ## - LIBRARY OF CONGRESS CALL NUMBER
Classification number HA29
Item number .B39 1992
Holdings
Source of classification or shelving scheme Not for loan Permanent location Current location Date acquired Accession No. Full call number Barcode. Koha item type
Library of Congress Classification   Samuel Ogbemudia Main Library, University of Abuja Samuel Ogbemudia Main Library, University of Abuja 05/29/2025 2024/63582 HA29.B39 1992 2025-2259 Books